000
00311nam a22001337a 4500
008
181221b xxu||||| |||| 00| 0 eng d
020
_a
9780521423601
041
_a
eng
080
_a
910
100
_a
42
101
_a
GJEO
245
_a
An Introduction to Population Geography
_c
Hornby, W.F
942
_2
udc
_c
BK
999
_c
53583
_d
53583